Conspiraciones

Guardat en:
Dades bibliogràfiques
Autor principal: Peluffo, Luisa (Autor)
Format: Llibre
Idioma:espanyol
Publicat: Buenos Aires Fondo Editorial Rionegrino 1989
Col·lecció:Colección Tierras y Mares
Matèries:
Etiquetes: Afegir etiqueta
Sense etiquetes, Sigues el primer a etiquetar aquest registre!

MARC

LEADER 00000nam a2200000 a 4500
001 UCW5069
003 CL-VaPUC
008 901127e19890000AG |||||||||||||||||spa|d
082 0 4 |a Ar863  |b PEL  |2 21 
100 0 |a Peluffo, Luisa  |e author  |9 309904 
245 1 0 |a Conspiraciones 
300 |a 79 p 
942 |c BK 
945 |d 19901127 00:00:00 
260 |a Buenos Aires  |b Fondo Editorial Rionegrino  |c 1989 
650 0 |a Novelas argentinas  |9 267871 
583 |a last modification  |c 20120731 08:46:27  |k Rodrigo Vera 
490 0 |a Colección Tierras y Mares 
999 |c 218585  |d 218583